1400 1838 1944 1912 1578 1938 1265 1130 1892 1447 1156 1313 1615 1772 1612 1875 1365 1326 1761 1020 1291 1103 1479 1293 1250 1121 1077 1631 1691 1784 1894 1314 1369 1567 1879 1470 1545 1728 1807 1395 1761 1465 1952 1529 1498 1944 1971 1649 1899 1470 1804 1948 1514 1373 1695 1378 1285 1292 1939 1879 1134 1828 1080 1444 1693 1756 1855 1847 1377 1690 1989 1527 1912 1511 1641 1286 1212 1881 1591 1271 1239 1781 1730 1463 1847 1179 1221 1109 1525 1984 1010 1942 1384 1516 1147 1258 1814 1481 1667 BCNSPRNW ULIB Ver.6.0+V

เปลี่ยนเป็นภาษาไทย

Change to English
 แสดงรายละเอียดบรรณานุกรม
  กลับหน้าหลัก

Brief Record : Get Marc (ISO 2709) : E-mail record : QR code < ปิดหน้าต่าง
LEADER : 00000nam 2200000uu 4500
001    13399122578
003     ULIB
008    130806s2552||||th 000 0 tha d
099    ^aวจ.WY20^ท121ค
100 0  ^aทมาภรณ์ สุขสวรรค์
245 00 ^aความสัมพันธ์ระหว่างปัจจัยด้านการปฏิบัติงาน ปัจจัยด้านครอบครัวและสังคม กับภาวะเบื่องานของอาจารย์พยาบาล วิทยาลัยเครือข่ายภาคเหนือ สังกัดพระบรมราชชนก^cทมาภรณ์ สุขสวรรค์, กิ่งแก้ว แสงสว่าง และพิมพ์พิมล เรืองฤทธิ์
260    ^aนครสวรรค์:^bวิทยาลัยพยาบาลบรมราชชนนี สวรรค์ประชารักษ์ นครสวรรค์,^c2552
300    ^a66 หน้า:^bตาราง
650  7 ^aอาจารย์พยาบาล^xวิจัย
650  7 ^aการปฏิบัติงาน^xวิจัย
700 0  ^aกิ่งแก้ว แสงสว่าง
700 0  ^aพิมพ์พิมล เรืองฤทธิ์
945    ^p0^l0^i20022
995    ^aทศพร
999    ^aกัณชพร
รายการนี้ยังไม่มีแท็ก
คุณยังไม่ได้ล็อกอิน คุณสามารถมีกิจกรรมร่วมกับเว็บไซต์ได้ แต่ต้องล็อกอินก่อน ::
  ล็อกอิน

รายการสื่อสารสนเทศ

ลำดับที่ ประเภท เลขเรียก/บาร์โค้ด สถานที่ สถานะ
1. งานวิจัย
งานวิจัย
วจ.WY20^ท121ค ฉ.1 
  Barcode: 20022
ห้องสมุดวิทยาเขตสวรรค์ประชารักษ์
►วิจัย
บนชั้น

รายการใกล้เคียง
    ผู้แต่ง [ทมาภรณ์ สุขสวรรค์]

BibComment


ยังไม่เคยถูกคอมเมนท์

คอมเมนท์ทรัพยากรรายการนี้
  คอมเมนท์: ความสัมพันธ์ระหว..


 Copyright 2026. Bcnsprnw @Library